• 首页
  • 本馆介绍
  • 公告通知
  • 最新文献
  • 馆藏检索
  • 电子资源
  • 读者导购
  • 参考咨询
  • 我的图书馆
  • 登录
  • 详细信息显示
  • 放入我的书架
  • 预约/预借图书
  • 作者相关作品
  • 分类相关作品
  • 丛书相关作品
  • 出版社相关作品

书目信息

  • 表格格式
  • 工作单格式
  • 卡片格式
题名:
马克思主义党学
    
 
作者: 赵云献 著
分册:  
出版信息: 南宁   广西人民出版社  1987
页数: 425页
开本: 20cm
丛书名:
单 册:
中图分类: D053 , A11
科图分类:
主题词: 马列主义党--理论 , 马恩著作--选集 , 马恩著作--文集
电子资源:
ISBN: 7-219-00334-X
000 00651nam0 2200253 45
001 1256109702
005 20090929163025.64
010    @a7-219-00334-X@dCNY2.75
100    @a19931104d1987 kemy0chiy0121 ea
101 0  @achi
102    @aCN@b450000
105    @ay z 000dy
200 10 @a马克思主义党学@Ama ke si zhu yi dang xue@f赵云献著
210    @a南宁@c广西人民出版社@d1987
215    @a425页@d20cm
606 0  @a马列主义党@x理论
606 0  @a马恩著作@x选集
606 0  @a马恩著作@x文集
690    @aD053@v3
690    @aA11@v4
701  0 @a赵云献@Azhao yun xian@4著
801  0 @aCN@bTSSF
801  2 @aCN@bNLC
905    @a10447@dA11@eJY9
    
    马克思主义党学/赵云献著.-南宁:广西人民出版社,1987
    425页;20cm
    
    
    ISBN 7-219-00334-X:CNY2.75
    
●
相关链接 在E读中查询图书 在五车中查询图书 在当当中查询图书 在豆瓣中查询图书


正题名:马克思主义党学     索取号:A11/JY9         预约/预借

序号 登录号 条形码 馆藏地/架位号 状态 备注
1 7800151   278001519   学院路分馆/ [索取号:A11/JY9] 在馆    
2 7800152   278001528   学院路分馆/ [索取号:A11/JY9] 在馆    
唐山师范学院图书馆 欢迎您!
大连网信软件有限公司© 版权所有